000 00654nam a2200217Ia 4500
003 OSt
005 20220925221852.0
006 a|||||r|||| 00| 0
007 ta
008 220923b |||||||| |||| 00| 0 eng d
037 _cGeneral Book
040 _aRTL
_cRTL
_beng
041 _2eng
_aeng
082 _aX9(J).252.M33<-M19, L3/TD3
100 _aSIDDIQI Asiya
245 0 _aAgrarian change in Northen Indian state Uttar Pradesh 1819-1833
260 _aLondon
_bOxford at the clarend press
_c1973
300 _a212p.
_ccm.
942 _hX9(J).252.M33<-M19, L3/TD3
_cGB
_2CC
999 _c575523
_d575523